Nova história de Portugal
I tiakina i:
| Kaituhi matua: | |
|---|---|
| Hōputu: | Pukapuka |
| Reo: | Pōtukīhi |
| I whakaputaina: |
Lisboa
Editorial Presenca
1990
|
| Putanga: | 1a. ed |
| Ngā marau: | |
| Ngā Tūtohu: |
Tāpirihia he Tūtohu
Kāore He Tūtohu, Me noho koe te mea tuatahi ki te tūtohu i tēnei pūkete!
|
MARC
| LEADER | 00000cam a2200000 a 4500 | ||
|---|---|---|---|
| 001 | UCD9264 | ||
| 003 | CL-VaPUC | ||
| 008 | 170609e19900000po |||||||||||||||||por|d | ||
| 082 | 0 | 4 | |a 946.9 |b MAR |2 21 |
| 100 | |a Marques, Joel Serrao E A. H. de Oliveira |e autor |9 592970 | ||
| 245 | 1 | 0 | |a Nova história de Portugal |
| 250 | |a 1a. ed | ||
| 300 | |a v | ||
| 942 | |c BK | ||
| 945 | |d 20170609 16:51:00 |a arojas | ||
| 260 | |a Lisboa |b Editorial Presenca |c 1990 | ||
| 500 | |a v.1: Portugal das origens à Romanizacao | ||
| 650 | 7 | |a HISTORIA DE PORTUGAL |2 CL-VaPUC |9 443106 | |
| 583 | |a last modification |c 20170609 16:51:00 |k Rodrigo Vera | ||
| 999 | |c 368505 |d 368503 | ||
| 952 | |0 0 |1 0 |3 erb |4 0 |6 946_900000000000000_MAR_1990 |7 0 |8 ? |9 483854 |a FDOLAF |b FDOLAF |e Laffi, Umberto, 1939- |h v.1 |i 5396093 |o 946.9 MAR 1990 |p 5396093 |r 2024-01-30 |w 2019-11-24 |y BK |z Catalogado en:20170609 |k LAF | ||